书目信息 |
| 题名: |
海域资源市场化配置及政府规制研究
|
|
| 作者: | 陈书全 , 邓宇冠 著 | |
| 分册: | ||
| 出版信息: | 北京 经济科学出版社 2018 |
|
| 页数: | 274页 | |
| 开本: | 23cm | |
| 丛书名: | ||
| 单 册: | ||
| 中图分类: | P74 | |
| 科图分类: | ||
| 主题词: | 海洋资源--hai yang zi yuan--经济市场化--研究 | |
| 电子资源: | ||
| ISBN: | 978-7-5141-8951-3 | |
| 000 | 01516nam0 2200277 450 | |
| 001 | 012001001264 | |
| 005 | 20131107173824.0 | |
| 010 | @a978-7-5141-8951-3@dCNY52.00 | |
| 099 | @aCAL 012018068249 | |
| 100 | @a20180416d2018 em y0chiy50 ea | |
| 101 | 0 | @achi |
| 102 | @aCN@b110000 | |
| 105 | @aa a 000yy | |
| 106 | @ar | |
| 200 | 1 | @a海域资源市场化配置及政府规制研究@Ahai yu zi yuan shi chang hua pei zhi ji zheng fu gui zhi yan jiu@f陈书全, 邓宇冠著 |
| 210 | @a北京@c经济科学出版社@d2018 | |
| 215 | @a274页@c图@d23cm | |
| 300 | @a国家社科基金资助项目 中国海洋大学一流大学建设专项经费资助 教育部人文社会科学重点研究基地中国海洋大学海洋发展研究院资助 | |
| 320 | @a有书目 (第266-274页) | |
| 330 | @a本书基于海域综合管理视角,以提高海域资源配置效率、实现海洋经济可持续发展为目标,梳理分析海域资源市场化配置的内在机理与政府规制理论渊源,遵循理念再造(海域资源的资产意识、社会责任意识)-制度再造(法律健全、平台统一)-体制再造(管理完善、配套齐全)-机制再造(运行规范、监督有力)的研究思路,优化政府规制模式,建构系统、合理、可操作的海域资源市场化配置进程中政府规制的政策选择和实施路径,实现市场机制与必要政府规制的有机组合,有助于制度经济学、规制经济学、公共管理与决策理论在资源管理与海洋经济研究领域的延伸、拓展与交叉,进一步拓展完善海洋经济与海域管理领域的研究广度与深度。 | |
| 606 | 0 | @a海洋资源@Ahai yang zi yuan@x经济市场化@x研究 |
| 690 | @aP74@v5 | |
| 701 | 0 | @a陈书全@Achen shu quan@4著 |
| 701 | 0 | @a邓宇冠@Adeng yu guan@4著 |
| 801 | 0 | @aCN@b北京卓展@c20191020 |
| 905 | @b1197889-92@dP74@e114@f4 | |
| 海域资源市场化配置及政府规制研究/陈书全, 邓宇冠著.-北京:经济科学出版社,2018 |
| 274页:图;23cm |
| 国家社科基金资助项目 中国海洋大学一流大学建设专项经费资助 教育部人文社会科学重点研究基地中国海洋大学海洋发展研究院资助 |
| ISBN 978-7-5141-8951-3:CNY52.00 |
| 本书基于海域综合管理视角,以提高海域资源配置效率、实现海洋经济可持续发展为目标,梳理分析海域资源市场化配置的内在机理与政府规制理论渊源,遵循理念再造(海域资源的资产意识、社会责任意识)-制度再造(法律健全、平台统一)-体制再造(管理完善、配套齐全)-机制再造(运行规范、监督有力)的研究思路,优化政府规制模式,建构系统、合理、可操作的海域资源市场化配置进程中政府规制的政策选择和实施路径,实现市场机制与必要政府规制的有机组合,有助于制度经济学、规制经济学、公共管理与决策理论在资源管理与海洋经济研究领域的延伸、拓展与交叉,进一步拓展完善海洋经济与海域管理领域的研究广度与深度。 |
| ● |
| 相关链接 |
|
|
|
|
正题名:海域资源市场化配置及政府规制研究
索取号:P74/114
 
预约/预借
| 序号 | 登录号 | 条形码 | 馆藏地/架位号 | 状态 | 备注 |
| 1 | 1197889 | 211978895 | 第二样本阅览室/ [索取号:P74/114] | 在馆 | |
| 2 | 1197890 | 211978902 | 第三借阅区/ [索取号:P74/114] | 在馆 | |
| 3 | 1197891 | 211978911 | 第三借阅区/ [索取号:P74/114] | 在馆 | |
| 4 | 1197892 | 211978920 | 第三借阅区/ [索取号:P74/114] | 在馆 |